000 00552nam a2200181Ia 4500
003 IN-BaIIA
008 211028s9999 xx 000 0 eng d
040 _cIIA Library
080 _a047.1:539.18
_bADV-1
100 _aBates, D.R.
_94546
245 0 _aAdvances in atomic and molecular physics
_bvol. 1
_c D.R. Bates
260 _aNew York
_bAcademic Press
_c1965
300 _ax, 408p.
650 _aAtomic physics
_91547
650 _aMolecular physics
_91914
650 _aNASA Thesaurus
942 _cBK
999 _c2553
_d2553